Football en 20 GIFS #3 - Qui s'amuse ? - Statistiques

Statistiques générales
  • Ce quiz a été pris 240 fois
  • Le résultat moyen est 16 sur 20
Statistiques - réponses
Hint Réponse % Correct
Ronaldinho
96%
Ronaldo
96%
Frank Ribery
95%
Arjen Robben
94%
Brandao
91%
Rivaldo
85%
Moustapha Diallo
84%
Robinho
84%
Santi Cazorla
83%
Romario
81%
Hulk
80%
Javier "Chicharito" Hernandez
79%
Kaká
79%
Robert Pires
79%
Ricardo Quaresma
78%
Hakan Çalhanoğlu
77%
Radja Nainggolan
76%
Raul Jimenez
76%
Cuauhtemoc Blanco
61%
Andrea Pirlo
60%
Aucun quiz correspondant
Distribution des résultats
% des personnes avec chaque résultat
Percentile par nombre de réponses
Votre historique - résultats
Vous n’avez pas pris ce quiz